| 000 | 00450pab a2200181 454500 | ||
|---|---|---|---|
| 008 | 180718b2012 xxu||||| |||| 00| 0 eng d | ||
| 100 | _aAwasthi, Malini | ||
| 245 | _aIndian culture and tradition: A unique treasure house of knowledge | ||
| 260 | _c2012 | ||
| 300 | _ap.39-43. | ||
| 362 | _a27 Feb | ||
| 650 | _aCulture - India | ||
| 650 | _aCulture | ||
| 700 | _aAgarwal, Reena | ||
| 773 | _aUniversity News | ||
| 908 | _aN | ||
| 909 | _a95181 | ||
| 999 |
_c95181 _d95181 |
||